| 000 | 00589nam a2200181Ia 4500 | ||
|---|---|---|---|
| 003 | GCL | ||
| 008 | 140319s9999 xx 000 0 ara d | ||
| 040 |
_aGCL / _cGCL |
||
| 082 | 0 | 4 |
_a813.03 _bع ق |
| 100 | 1 | _aعبدالحكيم قاسم | |
| 245 | 1 | 0 |
_aقدر الغرف المقبضة (هدية من الاديب عبدالفتاح الجمل) / _cعبدالحكيم قاسم |
| 300 | _a149 ص | ||
| 490 | _a | ||
| 650 | 0 | 4 | _aالقصص العربية |
| 650 | 0 | 4 | _aالادب العربى - العصر الحديث |
| 650 | 0 | 4 | _aالقصص العربية - مصر |
| 942 |
_2ddc _cBK |
||
| 999 |
_c39847 _d39847 |
||